Berühmte Griechen - Statistiken

Allgemein
  • Dieses Quiz wurde 112 mal gespielt
  • Das Durchschnittsergebnis liegt bei 10 aus 20
Antwortstatistiken
Hint Antwort % Korrekt
Eroberer des Perserreiches Alexander der Große
82%
Bedeutender Philosoph, "Ich weiß, dass ich nichts weiß", wegen Verderbung der Jugend zum Tode verurteilt Sokrates
81%
Schriftsteller: Odyssee, Iliad Homer
80%
Reedereiunternehmer und Multimilliardär, Ehemann von Jackie Kennedy Aristoteles Onassis
72%
Naturphilosoph und Mathematiker, bewies a^2+b^2=c^2 bei rechtwinkligen Dreiecken Pythagoras
72%
Schüler des obigen: Politeia, Timaios, Höhlengleichnis, Phaidros Plato
68%
Schüler des obigen und Universalgelehrter: Organon, Metaphysik, Nikomachische Ethik Aristoteles
67%
Schlagersängerin: Theo, wir fahr’n nach Lodz, Ich liebe das Leben, Après toi Vicky Leandros
65%
Prinzgemahl von Elisabeth II Prinz Philip
59%
Antiker Arzt, stellte die Vier-Säfte-Theorie auf, Ärzte schwören bis heute seinen Eid Hippokrates
54%
Operndiva(Sopran), gilt als bedeutendste Opernsängerin des 20. Jahrhunderts Maria Callas
44%
Schlagersängerin: Weiße Rosen aus Athen; Guten Morgen, Sonnenschein; Only Love Nana Mouskouri
39%
Lesbische (in beiderlei Sinne) Schriftstellerin der Antike, schrieb viele Götterhymnen, Hochzeits- und Liebeslieder Sappho
36%
Vater der Geschichtsschreibung, schrieb die Historien (über die Perserkriege) Herodot
32%
Antiker Dramatiker: Antigone, König Ödipus Sophokles
26%
Wirtschaftswissenschaftler, Finanzminister 2015, Feind des EU-Sparkurses, Spitzenkandidat von Demokratie in Europa Yanis Varoufakis
24%
Vorsitzender der linken SYRIZA Partei und Ministerpräsident von 2015 bis 2019 Alexis Tsipras
23%
Byzantinischer Kaiser, der in der Spätantike Rom und Nordafrika zurückerobern ließ und die Hagia Sophia erbauen ließ Justinian
16%
Faschistischer Diktator von 1936 bis 1941, widersetzte sich der italienischen Besetzung Griechenlands (όχι-Tag) Ioannis Metaxas
7%
Schriftsteller: Alexis Sorbas, Die letzte Versuchung Christi Nikos Kazantzakis
5%
Keine übereinstimmenden Quizze gefunden
Verteilung der Resultate
Anzahl Personen mit jedem Resultat
Perzentil nach korrekt beantworteten Fragen
Ihre Resultats-Entwicklung
Sie haben dieses Quiz noch nicht gespielt